| 000 | 00314nam a2200097Ia 4500 | ||
|---|---|---|---|
| 008 | 160908s9999 xx 000 0 und d | ||
| 245 | _aMathematics and Science Syllabi : 1st Semester AY 2016-17 / | ||
| 260 |
_bSISC. _c2016 |
||
| 500 | _aMathematics and Science Syllabi. | ||
| 650 | _aSyllabi -Mathematics and Sciences. | ||
| 999 |
_c300992 _d300992 |
||